| 000 | 00685 a2200241 4500 | ||
|---|---|---|---|
| 260 | _aParis | ||
| 630 | _a34 - Droit. Jurisprudence. Legislation | ||
| 037 | _bARRAY(0x9fa9a78) | ||
| 650 | _a3 - SCIENCES SOCIALES | ||
| 100 | _aDroz, Georges A. L. | ||
| 260 | _bDalloz | ||
| 245 | _aCompétence Judiciaire et effets des Jugements dans le marché commun : étude de la convention de Bruxelles du 27 Septembre 1968 | ||
| 300 | _a577 p | ||
| 650 | _aDroit commercial | ||
| 260 | _c1972 | ||
| 300 | _b243 cm | ||
| 100 | _lFr | ||
| 440 | _aBibliothèque de droit international privé | ||
| 037 | _a05/081 | ||
| 700 | _aPréf., Batiffol, Henri | ||
| 999 |
_c40818 _d40818 |
||